书目信息 |
| 题名: |
洪灾区灌排工程修复与重建技术指南
|
|
| 作者: | 冯广志 主编 | |
| 分册: | ||
| 出版信息: | 北京 中国水利水电出版社 1998.11 |
|
| 页数: | 145页 | |
| 开本: | 32开 | |
| 丛书名: | ||
| 单 册: | ||
| 中图分类: | TV698.2-62 | |
| 科图分类: | ||
| 主题词: | 水利枢纽--水利工程 | |
| 电子资源: | ||
| ISBN: | 7-80124-920-8 | |
| 000 | 00630nam0 2200193 45 | |
| 001 | 0011201688 | |
| 005 | 20010314101339.7 | |
| 010 | @a7-80124-920-8@d7.80元 | |
| 100 | @a20001120d1998 km y0chiy0120 ea | |
| 101 | 0 | @achi |
| 105 | @a z 000yy | |
| 200 | 1 | @a洪灾区灌排工程修复与重建技术指南@AHong Zai Qu GuanPai Gong Cheng Xiu Fu Yu Chong JianJi Shu Zhi Nan@f冯广志主编@FFeng Guang Zhi Zhu Bian |
| 210 | @a北京@c中国水利水电出版社@d1998.11 | |
| 215 | @a145页@d32开 | |
| 606 | 0 | @a水利枢纽@x水利工程 |
| 690 | @aTV698.2-62@v3 | |
| 701 | 0 | @a冯广志@4主编 |
| 801 | @aCN@bPftUser@c20001120 | |
| 905 | @dTV698.2-62@eF913@b328640-642@f3 | |
| 洪灾区灌排工程修复与重建技术指南/冯广志主编.-北京:中国水利水电出版社,1998.11 |
| 145页;32开 |
| ISBN 7-80124-920-8:7.80元 |
| ● |
| 相关链接 |
|
|
|
正题名:洪灾区灌排工程修复与重建技术指南
索取号:TV698.2-62/F913
 
预约/预借
| 序号 | 登录号 | 条形码 | 馆藏地/架位号 | 状态 | 备注 |
| 1 | 328640 | 203286407 | 自科库501/501自科库 48排5列1层/ [索取号:TV698.2-62/F913] | 在馆 | |
| 2 | 328641 | 203286416 | 自科库501/501自科库 48排5列1层/ [索取号:TV698.2-62/F913] | 在馆 | |
| 3 | 328642 | 203286425 | 期刊室512/501自科库 48排5列1层/ [索取号:TV698.2-62/F913] | 在馆 |